Die politische Ökonomie
Enregistré dans:
| Format: | Livre |
|---|---|
| Langue: | allemand |
| Publié: |
Leipzig
Flisecher
1897
|
| Tags: |
Pas de tags, Soyez le premier à ajouter un tag!
|
MARC
| LEADER | 00000nam a2200000 4500 | ||
|---|---|---|---|
| 001 | 0306955 | ||
| 005 | 20250211142922.9 | ||
| 041 | 0 | |a ger | |
| 044 | |a DE | ||
| 245 | 1 | 0 | |a Die politische Ökonomie |c E. A. Schroeder |
| 264 | 1 | |a Leipzig |b Flisecher |c 1897 | |